| 000 | 00388 a2200169 4500 | ||
|---|---|---|---|
| 001 | 173537 | ||
| 020 | _a85-322-0118-0 | ||
| 040 | _cMagnum | ||
| 100 | _aJose, Elias | ||
| 240 | 1 | 0 |
_aDe repente toda história novamente _lpor |
| 245 | 1 | 0 | _aDe repente toda história novamente |
| 300 | _a47 | ||
| 362 | 0 | _a1988 | |
| 440 | 1 | _aFTD | |
| 697 | _aLITERATURA INFANTO-JUVENIL | ||
| 942 | _cBK | ||
| 999 |
_c173537 _d173537 |
||